« Retourner aux résultats de recherche
J'économise l'eau au potager !
quand et comment arroser ?
| Auteur principal: | Blaise Leclerc |
|---|---|
| D'autres auteurs: | Jean-Jacques Raynal |
| Support: | Livres |
| Langue: | Francais |
| Publié: |
2017 Terre vivante Mens (Isère) |
| Genre: |
Documentaire |
| Collection: |
Facile & bio |
| Sujets: | |
| Étiquettes: |
Ajouter
Pas de Tags !
|
| LEADER | 01075nam0a2200217 450 | ||
|---|---|---|---|
| 001 | 16829163 | ||
| 010 | |a 978-2-36098-251-6 |b br. |d 14 | ||
| 100 | |a 20170313d2017 u u0frey01 ba | ||
| 101 | 0 | |a fre | |
| 102 | |a FR | ||
| 200 | 0 | |a J'économise l'eau au potager ! |e quand et comment arroser ? |f texte Blaise Leclerc |g photographies Jean-Jacques Raynal | |
| 207 | 1 | |a | |
| 210 | |a Mens (Isère) |c Terre vivante |d 2017 | ||
| 215 | |a 1 vol. (130 p.) |c illustrations en couleur, cartes |d 21 x 21 cm | ||
| 225 | 1 | |a Facile & bio | |
| 330 | |a Pour savoir quand et en quelles quantités arroser. Permet de comprendre les mécanismes en jeu, le rôle de l'eau dans les processus vitaux et son comportement dans le sol et dans la plante. Avec des techniques et des types d'arrosage ainsi que 30 fiches détaillant les besoins de différents légumes. | ||
| 700 | 0 | |a Leclerc |b Blaise |4 70 | |
| 702 | 0 | |a Raynal |b Jean-Jacques |4 600 | |
| 900 | |a Documentaire | ||
| 901 | |a Accessible au prêt | ||
| 995 | |a Bibliothèque |c Bibliothèque |f 00156010820546 |h 00156010820546 |k 631.5 LEC |o p |q a |r az |e Bibliothèque | ||
